Estatutos y reglamento de la Academia Gaditana de Ciencias y Letras (Record no. 169948)

MARC details
000 -LEADER
campo de control de longitud fija 00730nam a2200157 i 4500
001 - NÚMERO DE CONTROL
campo de control 169948
003 - IDENTIFICADOR DE NÚMERO DE CONTROL
campo de control ES-MaACL
005 - FECHA Y HORA DE LA ÚLTIMA TRANSACCIÓN
campo de control 20230906214240.0
008 - DATOS DE LONGITUD FIJA--INFORMACIÓN GENERAL
campo de control de longitud fija 081223s1876 sp |||| | spa d
110 2# - ENTRADA PRINCIPAL--NOMBRE DE ENTIDAD CORPORATIVA
Nombre de entidad corporativa o nombre de jurisdicción como elemento de entrada Real Academia Gaditana de Ciencias y Letras.
9 (RLIN) 6340
245 10 - MENCIÓN DEL TÍTULO
Título Estatutos y reglamento de la Academia Gaditana de Ciencias y Letras
Resto del título : se insertan además las actas de las dos sesiones preliminares para la fundación de esta academia y el escalafón de señores académicos.
260 ## - PUBLICACIÓN, DISTRIBUCIÓN, ETC.
Lugar de publicación, distribución, etc. Cádiz :
Nombre del editor, distribuidor, etc. [s.n.],
Fecha de publicación, distribución, etc. 1876 (
Fabricante Impr. de la Revista Médica, de Federico Joly)
300 ## - DESCRIPCIÓN FÍSICA
Extensión 33 p. ;
Dimensiones 21 cm.
610 24 - PUNTO DE ACCESO ADICIONAL DE MATERIA--NOMBRE DE ENTIDAD CORPORATIVA
Nombre de entidad corporativa o nombre de jurisdicción como elemento de entrada Real Academia Gaditana de Ciencias y Letras-
Subdivisión de forma Estatutos y reglamentos.
9 (RLIN) 160083
852 ## - LOCALIZACIÓN
Ubicación ES-MaACL
Número de control de estantería T-208-F-18
Holdings
Estatus retirado Estado de pérdida Estado de daño No para préstamo Colección Biblioteca de origen Biblioteca actual Ubicación en estantería Fecha de adquisición Fuente de adquisición Total de préstamos Signatura topográfica completa Código de barras Visto por última vez Precio de reemplazo Tipo de ítem Koha
        Colección de folletos Biblioteca del Ateneo de Madrid Biblioteca del Ateneo de Madrid Depósito folletos 23/12/2008     T-208-F-18 1178426 23/02/2023 23/02/2023 Folleto